01005nam a2200205 a 4500001000900000005001700009008004100026040001800067050002300085100003200108245011900140260003000259300006000289500014800349500018700497504004100684650002200725700003200747700002000779BRCA_22620190320202926.0790228s1973 mx-a---##b---#000-0#spa-# aDLCcDLCdDLC 4aF1219.3b.V49 19731 aVeytia, Marianod1718-1780?10aLos calendarios mexicanoscpor Mariano Fernández de Echeverría y Veytia ; prólogo del doctor Ignacio Bernal. aMéxicobSan Angelc1973 axi, 7-62 p.bil. (algunas a color), 8 láminasc52 cm. aTextos publicados originalmente en forma menos completa por los autores sobre la Historia antigua de Méjico, México, 1836, capítulos 1-11 aFacsímil de : edición privada de Cartón y Papel de México, S.A., realizada por el Museo Nacional en 1907 al cuidado de Don Genaro García, quien escribió la introducción aIncluye referencias bibliográficas14aCalendario azteca1 aGarcía, Genarod1867-19201 aBernal, Ignacio